Escritos selectos sobre naturaleza y libertad / (Record no. 135116)
[ view plain ]
| 000 -LEADER | |
|---|---|
| campo de control de longitud fija | 00766nam a2200229 i 4500 |
| 001 - NÚMERO DE CONTROL | |
| campo de control | 135116 |
| 003 - IDENTIFICADOR DE NÚMERO DE CONTROL | |
| campo de control | ES-MaACL |
| 005 - FECHA Y HORA DE LA ÚLTIMA TRANSACCIÓN | |
| campo de control | 20230906194817.0 |
| 007 - CAMPO FIJO DE DESCRIPCIÓN FÍSICA--INFORMACIÓN GENERAL | |
| campo de control de longitud fija | t| |
| 008 - DATOS DE LONGITUD FIJA--INFORMACIÓN GENERAL | |
| campo de control de longitud fija | 070710s1960 ag ||||1| spa d |
| 100 1# - ENTRADA PRINCIPAL--NOMBRE DE PERSONA | |
| Nombre de persona | Thoreau, Henry David. |
| 9 (RLIN) | 110134 |
| 245 10 - MENCIÓN DEL TÍTULO | |
| Título | Escritos selectos sobre naturaleza y libertad / |
| Mención de responsabilidad, etc. | Henry David Thoreau ; recopilación e introducción de Oscar Cargill ; [traducción de Mario A. Marino]. |
| 260 ## - PUBLICACIÓN, DISTRIBUCIÓN, ETC. | |
| Lugar de publicación, distribución, etc. | Buenos Aires : |
| Nombre del editor, distribuidor, etc. | Ágora, |
| Fecha de publicación, distribución, etc. | [1960] |
| 300 ## - DESCRIPCIÓN FÍSICA | |
| Extensión | 176 p. ; |
| Dimensiones | 21 cm. |
| 490 1# - MENCIÓN DE SERIE | |
| Mención de serie | Hombres y problemas ; |
| Designación de volumen o secuencia | 35 |
| 650 00 - PUNTO DE ACCESO ADICIONAL DE MATERIA--TÉRMINO DE MATERIA | |
| Término de materia o nombre geográfico como elemento de entrada | Libertad. |
| 9 (RLIN) | 14400 |
| 700 1# - ENTRADA AGREGADA--NOMBRE PERSONAL | |
| Nombre de persona | Cargill, Oscar. |
| 9 (RLIN) | 35238 |
| 700 1# - ENTRADA AGREGADA--NOMBRE PERSONAL | |
| Nombre de persona | Marino, Mario A. |
| 9 (RLIN) | 76854 |
| 830 1# - PUNTO DE ACCESO ADICIONAL DE SERIE-TÍTULO UNIFORME | |
| Título uniforme | Hombres y problemas ; |
| Designación de volumen o secuencia | 35 |
| 9 (RLIN) | 186999 |
| 852 ## - LOCALIZACIÓN | |
| Ubicación | ES-MaACL |
| Número de control de estantería | C-24885 |
| Estatus retirado | Estado de pérdida | Estado de daño | No para préstamo | Biblioteca de origen | Biblioteca actual | Ubicación en estantería | Fecha de adquisición | Fuente de adquisición | Total de préstamos | Signatura topográfica completa | Código de barras | Visto por última vez | Precio de reemplazo | Tipo de ítem Koha |
|---|---|---|---|---|---|---|---|---|---|---|---|---|---|---|
| Biblioteca del Ateneo de Madrid | Biblioteca del Ateneo de Madrid | Depósito 2 | 17/01/2008 | C-24885 | 1140634 | 23/02/2023 | 23/02/2023 | Libro impreso |
